| 000 | 01215nam a2200313 i 4500 | ||
|---|---|---|---|
| 001 | 12789 | ||
| 003 | ES-MaACL | ||
| 005 | 20240130191905.0 | ||
| 007 | t| | ||
| 008 | 900328s1988 sp af |||| |cspa | ||
| 020 | _a84-00-06872-6 | ||
| 080 | _a929(=1.460:729.1):32 | ||
| 080 | _a946.0"1936/39":316.658(729.1) | ||
| 080 | _a325.254.4(=1.460:729.1) | ||
| 100 | 1 |
_aNaranjo Orovio, Consuelo _984927 |
|
| 245 | 1 | 0 |
_aCuba, otro escenario de lucha : _bla guerra civil y el exilio republicano español / _cConsuelo Naranjo Orovio. |
| 260 |
_aMadrid : _bCentro de Estudios Históricos, Departamento de Historia de América, _c1988. |
||
| 300 |
_a336 p., [1] h. de lám. col : _bil ; _c24 cm. |
||
| 490 | 1 |
_aTierra nueva e cielo nuevo ; _v24 |
|
| 504 | _aBibliografía: p. 197-204. | ||
| 650 | 4 |
_aEspañoles- _zCuba- _xPensamiento político. _912470 |
|
| 650 | 4 |
_aExiliados españoles- _zCuba. _9147924 |
|
| 651 | 4 |
_aEspaña- _xHistoria- _y1936-1939, Guerra civil- _xOpinión cubana. _98314 |
|
| 710 | 2 |
_aCentro de Estudios Históricos (1985-1999) _92639 |
|
| 830 | 1 |
_aTierra nueva e cielo nuevo ; _v24 _9177608 |
|
| 852 | 4 |
_aES-MaACL _jL-19984 |
|
| 852 | 4 |
_aES-MaACL _jL-16486 |
|
| 999 |
_c12789 _d12789 |
||